La cabaña del tio Tom / (Registro nro. 7137)
[ vista simple ]
| 000 -LIDER | |
|---|---|
| fixed length control field | 00448cam a22001692 4500 |
| 001 - NÚMERO DE CONTROL | |
| Identificador de número de control | 000011520 |
| 003 - IDENTIFICACDOR DE NÚMERO DE CONTROL | |
| control field | DO-SdBNP |
| 005 - DATE AND TIME OF LATEST TRANSACTION | |
| control field | 20180510130859.0 |
| 008 - ELEMENTOS DE LONGITUD FIJA | |
| fixed length control field | 171024b1998 dr 00| 0 spa d |
| 040 ## - FUENTE DE CATALOGACIÓN | |
| Enlace | |
| Agencia que crea de manera original el registro | BPMSU |
| Idioma de catalogación | spa |
| Agencia que realiza la transcripción | BPMSU |
| 100 1# - ASIENTO PRINCIPAL -- NOMBRE PERSONAL | |
| Nombre personal | Stowe, Harriet Beecher, |
| 245 13 - MENCIÓN DE TITULO | |
| Título | La cabaña del tio Tom / |
| 260 ## - PUBLICACIÓN, DISTRIBUCIÓN, ETC. (PIE DE IMPRENTA) | |
| Lugar de publicación, distribución, etc | Santo Domingo : |
| Nombre del editor, distribuidor, etc. | Tobogán |
| Fecha de publicación, distribución, etc | 1998 |
| 942 ## - ADDED ENTRY ELEMENTS (KOHA) | |
| Source of classification or shelving scheme | Dewey Decimal Classification |
| Koha item type | Libros |
| 945 ## - INFORMACIÓN DE PROCESAMIENTO LOCAL | |
| Información de procesamiento local | Inventariado, 2017 /VM |
| 956 ## - LOCAL ELECTRONIC LOCATION AND ACCESS (OCLC) | |
| Método de acceso | |
| Nombre de host | VMATEO |
| Número de acceso | 10 |
| Información de compresión | 20171024 |
| Trayectoria | BPMSU |
| Nombre Electrónico | 0069 |
| Withdrawn status | Lost status | Source of classification or shelving scheme | Damaged status | Not for loan | Collection code | Home library | Current library | Date acquired | Total Checkouts | Barcode | Date last seen | Copy number | Price effective from | Koha item type |
|---|---|---|---|---|---|---|---|---|---|---|---|---|---|---|
| Dewey Decimal Classification | Colección Juvenil Dominicana | Biblioteca Pública Metropolitana Salomé Ureña | Biblioteca Pública Metropolitana Salomé Ureña | 07/14/2014 | BPMSU15040533 | 07/14/2014 | 07/14/2014 | Libros | ||||||
| Dewey Decimal Classification | Colección Juvenil Dominicana | Biblioteca Pública Metropolitana Salomé Ureña | Biblioteca Pública Metropolitana Salomé Ureña | 07/14/2014 | BPMSU15040534 | 07/14/2014 | 07/14/2014 | Libros | ||||||
| Dewey Decimal Classification | Colección Juvenil Dominicana | Biblioteca Pública Metropolitana Salomé Ureña | Biblioteca Pública Metropolitana Salomé Ureña | 07/15/2014 | BPMSU15040535 | 07/15/2014 | 07/15/2014 | Libros |